000 00905nam a2200301 a 4500
999 _c2014
_d2014
003 OSt
005 20190627112824.0
008 131106s1998 sz ||||| |||| 00| 0 eng d
020 _a92-4-154509-7
040 _cBiblioteca Medicina
041 _aeng
082 _aOMS QV 737
100 1 _aDumoulin, Jerome
_92384
110 _aOrganizacion Mundial de la Salud
_91006
245 0 0 _aGuide to drug financing mechanisms
250 _a1° ed.
260 _aGinebra
_bOrganizacion Mundial de la Salud
_c1998
300 _a55 p.
500 _aBaja Depósito Caja 33 Junio 2019
546 _aTexto en ingles
653 _aSERVICIOS FARMACEUTICOS-ECONOMIA
653 _aPRESCRIPCIONES
653 _aUTILIZACION DE MEDICAMENTOS-ECONOMIA
653 _aPREPARACIONES FARMACEUTICAS-PROVISION Y DISTRIBUCION
700 1 0 _aKaddar, Miloud
_92385
700 1 0 _aVelasquez, German
_92386
942 _2ddc
_cPH